Βιώσιμη ανάπτυξη και περιβάλλον : διπλωματική εργασία [πτυχιακή εργασία]

Αποθηκεύτηκε σε:
Λεπτομέρειες βιβλιογραφικής εγγραφής
Κύριος συγγραφέας: Μπατσούλη, Χριστίνα
Συγγραφή απο Οργανισμό/Αρχή: Πανεπιστήμιο Αιγαίου Σχολή Ανθρωπιστικών Επιστημών Τμήμα Μεσογειακών Σπουδών
Άλλοι συγγραφείς: Μανώλη, Παναγιώτα (Εισηγητής διατριβής)
Μορφή: Thesis Βιβλίο
Γλώσσα:Greek
Δημοσίευση: 2011
Θέματα:
Διαθέσιμο Online:http://hdl.handle.net/11610/8232
Ετικέτες: Προσθήκη ετικέτας
Δεν υπάρχουν, Καταχωρήστε ετικέτα πρώτοι!

MARC

LEADER 00000cam a2200000 i 4500
001 1/25385
008 130205s2011 gre d
035 |l 10113634 
040 |a GR-MY-UA  |b gre  |e aacr 
041 0 |a gre 
082 0 |a 363.7  |2 (22) 
100 1 |a Μπατσούλη, Χριστίνα. 
245 1 0 |a Βιώσιμη ανάπτυξη και περιβάλλον :  |b διπλωματική εργασία [πτυχιακή εργασία] /  |c Χριστίνα Μπατσούλη ; επιβλέπουσα: Παναγιώτα Μανώλη 
260 |c 2011 
300 |a 50 σ.;  |c 30 εκ. 
500 |a Μέλη εξεταστικής επιτροπής: Σωτήρης Ντάλης, Ιωάννης Σεϊμένης 
502 |a Πτυχιακή εργασία – Πανεπιστήμιο Αιγαίου, Ρόδος, 2011. 
504 |a Βιβλιογραφία: σ. 46-50 
650 0 0 |a Sustainable development. 
650 0 0 |a Environmental policy. 
650 0 0 |a Dissertations, Academic  |z Greece. 
700 1 |a Μανώλη, Παναγιώτα.  |4 ths 
710 2 |a Πανεπιστήμιο Αιγαίου  |b Σχολή Ανθρωπιστικών Επιστημών  |b Τμήμα Μεσογειακών Σπουδών. 
852 |a INST  |b RHODES  |c DIATR  |e 20130205  |h 363.7 ΜΠΑ  |p 005400034884  |q 005400034884  |t DIE  |y 23 
852 |a INST  |b RHODES  |c DIATR  |e 20130205  |h 363.7 ΜΠΑ  |p 005400034885  |q 005400034885  |t DIE  |y 23 
856 |u http://hdl.handle.net/11610/8232 
901 |a BIBL4-2013-1 
909 |a Ρ  |b 176411 
909 |a Ρ  |b 176412 
924 |a ΜΠΑΤΣΟΥΛΗ  |b ΧΡΙΣΤΙΝΑ  |y ΡΟΔΟΣ  |z 2011-09 
970 |z 2013/02/05